Law and generative artificial intelligence (Record no. 396308)
[ view plain ]
| 000 -LEADER | |
|---|---|
| fixed length control field | 00521 a2200193 4500 |
| 005 - DATE & TIME | |
| control field | 20260401141055.0 |
| 008 - FIXED-LENGTH DATA ELEMENTS--GENERAL INFORMATION | |
| fixed length control field | 260401b |||||||| |||| 00| 0 eng d |
| 020 ## - ISBN | |
| International Standard Book Number | 9788196503338 |
| Price | Rs. 349.00 |
| 040 ## - CATALOGING SOURCE | |
| Original cataloging agency | VIVEKANANDA LIBRARY |
| 082 ## - DDC NUMBER | |
| Classification number | 340.28563 |
| Book Number | D879L |
| 100 ## - MAIN ENTRY--PERSONAL NAME | |
| Personal name | Duggal, Pavan |
| 245 ## - TITLE STATEMENT | |
| Title | Law and generative artificial intelligence |
| 260 ## - PUBLICATION, DISTRIBUTION, ETC. (IMPRINT) | |
| Name of publisher, distributor, etc | Kabdwal Book International |
| Date of publication, distribution, etc | 2023 |
| Place of publication, distribution, etc | Mumbai |
| 300 ## - PHYSICAL DESCRIPTION | |
| Pages | viii, 114 |
| 650 ## - Subject | |
| Subject | Law |
| 650 ## - Subject | |
| Subject | Computers in Law |
| 650 ## - Subject | |
| Subject | Artificial Intelligence |
| 942 ## - ADDED ENTRY ELEMENTS (KOHA) | |
| Koha item type | Books |
| Withdrawn status | Lost status | Source of classification or shelving scheme | Damaged status | Not for loan | Location (home branch) | Sublocation or collection (holding branch) | Shelving location | Date acquired | Koha issues (times borrowed) | Koha full call number | Accession No. | Koha date last seen | Koha item type |
|---|---|---|---|---|---|---|---|---|---|---|---|---|---|
| Dewey Decimal Classification | VIVEKANANDA LIBRARY | VIVEKANANDA LIBRARY | Law Library | 19/02/2026 | 340.28563 D879L | 377940 | 19/02/2026 | Books | |||||
| Dewey Decimal Classification | VIVEKANANDA LIBRARY | VIVEKANANDA LIBRARY | Law Library | 19/02/2026 | 340.28563 D879L | 377938 | 19/02/2026 | Books | |||||
| Dewey Decimal Classification | VIVEKANANDA LIBRARY | VIVEKANANDA LIBRARY | Law Library | 19/02/2026 | 340.28563 D879L | 377941 | 19/02/2026 | Books | |||||
| Dewey Decimal Classification | VIVEKANANDA LIBRARY | VIVEKANANDA LIBRARY | Law Library | 19/02/2026 | 340.28563 D879L | 377939 | 19/02/2026 | Books |
